[Event "Andalucia-ch U18"]
[Site "Almeria"]
[Date "2011.04.19"]
[Round "6.11"]
[White "Perez Tores, Juan Miguel"]
[Black "Espejo Parrales, Erik"]
[Result "1/2-1/2"]
[WhiteElo "1734"]
[BlackElo "1823"]
[PlyCount "53"]
[EventDate "2011.04.16"]
[EventType "swiss"]
[EventRounds "8"]
[EventCountry "ESP"]
[SourceTitle "EXT 2024"]
[Source "ChessBase"]
[SourceDate "2023.10.10"]
[SourceVersion "1"]
[SourceVersionDate "2023.10.10"]
[SourceQuality "1"]

1. e4 c5 2. Nf3 Nc6 3. d4 cxd4 4. Nxd4 g6 5. c4 Bg7 6. Be3 Nf6 7. Nc3 0-0 8. Be2 d6 9. 0-0 Bd7 10. f3 Nxd4 11. Bxd4 Bc6 12. Qd2 a5 13. b3 Nd7 14. Bxg7 Kxg7 15. Bd3 Nc5 16. Rae1 Qb6 17. Kh1 Rad8 18. Qe3 Qc7 19. Bc2 Nd7 20. f4 b6 21. Bd1 Nc5 22. Bf3 Rde8 23. e5 e6 24. Bxc6 Qxc6 25. exd6 Qxd6 26. Nb5 Qb8 27. Rd1 1/2-1/2